[Event "Junior Online 4NCL Division 3"]
[Site "online"]
[Date "2020.10.15"]
[Round "5.108"]
[White "Palampathi, Sanjit"]
[Black "Morrison, Matthew"]
[Result "1-0"]
[WhiteElo "917"]
[BlackElo "1285"]
[PlyCount "27"]
[EventDate "2020.10.15"]
[WhiteTeam "Uxbridge Juniors B"]
[BlackTeam "Surbiton Juniors B"]

1. e4 e5 2. Nf3 Nc6 3. Bc4 Nf6 4. Nc3 Bb4 5. O-O O-O 6. a3 Bxc3 7. dxc3 Nxe4 8.
Bd5 Nf6 9. Bxf7+ Rxf7 10. Ng5 Rf8 11. f4 exf4 12. Rxf4 Ne8 13. Qd5+ Kh8 14.
Rxf8# 1-0

[Event "Junior Online 4NCL Division 3"]
[Site "online"]
[Date "2020.10.15"]
[Round "5.111"]
[White "Ye, Tim"]
[Black "Antonopoulos, Chris"]
[Result "0-1"]
[WhiteElo "1367"]
[BlackElo "1390"]
[PlyCount "54"]
[EventDate "2020.10.15"]
[WhiteTeam "Manchester Juniors C"]
[BlackTeam "Brentwood School B"]

1. e4 c6 2. d4 d5 3. exd5 cxd5 4. c4 e6 5. Nc3 Nf6 6. Nf3 Bb4 7. Bd3 dxc4 8.
Bxc4 O-O 9. O-O Nc6 10. Bg5 Bxc3 11. bxc3 h6 12. Bh4 a6 13. Re1 b5 14. Bb3 Bb7
15. h3 a5 16. a4 b4 17. cxb4 Nxb4 18. Rc1 Bd5 19. Bxd5 Nbxd5 20. Qd2 Qd7 21.
Ra1 Rfe8 22. Ne5 Qd6 23. Reb1 Ne4 24. Qd3 Nec3 25. Rc1 Rac8 26. Ra3 Qxa3 27.
Qd2 Qxc1+ 0-1

[Event "Junior Online 4NCL Division 3"]
[Site "online"]
[Date "2020.10.15"]
[Round "5.112"]
[White "Omoruyi, Jaden"]
[Black "Fairclough, William"]
[Result "0-1"]
[WhiteElo "1315"]
[BlackElo "1337"]
[PlyCount "134"]
[EventDate "2020.10.15"]
[WhiteTeam "Brentwood School B"]
[BlackTeam "Manchester Juniors C"]

1. e4 e5 2. Nf3 Nc6 3. Bc4 Nf6 4. Nc3 Bc5 5. O-O O-O 6. d3 Nd4 7. Nxd4 Bxd4 8.
Nb5 a6 9. Nxd4 exd4 10. Bf4 b5 11. Bb3 Re8 12. a4 Bb7 13. Re1 d6 14. axb5 axb5
15. Rxa8 Bxa8 16. g4 d5 17. e5 Nd7 18. Qf3 Nc5 19. Ba2 Ne6 20. Bd2 c5 21. b4 c4
22. dxc4 dxc4 23. Qe2 Qd5 24. f3 Qxf3 25. Qxf3 Bxf3 26. g5 c3 27. Bc1 Be4 28.
Rxe4 Ra8 29. Bxe6 fxe6 30. Rxd4 Ra1 31. Rd1 Rb1 32. Rd8+ Kf7 33. Rd7+ Kg6 34.
Rd1 Rxb4 35. Ba3 Ra4 36. Bc5 Ra2 37. Rc1 Rb2 38. Bd4 b4 39. Kf2 Kxg5 40. Kg3
Kf5 41. Rf1+ Ke4 42. Bxc3 bxc3 43. Re1+ Kd4 44. Re2 Kc4 45. h4 Kb4 46. Kg4 Ka3
47. Kg5 Rb1 48. Re3 Kb2 49. Re2 Rc1 50. h5 Rxc2 51. Rxc2+ Kxc2 52. h6 gxh6+ 53.
Kxh6 Kd3 54. Kg5 c2 55. Kf6 c1=Q 56. Kxe6 Qe1 57. Kf5 Kd4 58. e6 Kd5 59. Kf6
Kd6 60. e7 Qxe7+ 61. Kf5 h6 62. Kg4 h5+ 63. Kxh5 Qg7 64. Kh4 Ke5 65. Kh3 Kf4
66. Kh2 Kf3 67. Kh1 Qg2# 0-1

[Event "Junior Online 4NCL Division 3"]
[Site "online"]
[Date "2020.10.15"]
[Round "5.113"]
[White "Burke, Alexander"]
[Black "Mouratidis, Markos"]
[Result "0-1"]
[WhiteElo "1292"]
[BlackElo "985"]
[PlyCount "100"]
[EventDate "2020.10.15"]
[WhiteTeam "Manchester Juniors C"]
[BlackTeam "Brentwood School B"]

1. e4 e5 2. Nf3 Nc6 3. Bc4 Bc5 4. Nc3 Nf6 5. Ng5 O-O 6. Nxf7 Rxf7 7. Bxf7+ Kxf7
8. O-O Kg8 9. d3 d6 10. Bg5 Bg4 11. Qd2 Be6 12. Ne2 Nd4 13. Nxd4 Bxd4 14. c3
Bc5 15. a4 a5 16. b4 axb4 17. cxb4 Bd4 18. Ra3 c5 19. bxc5 Bxc5 20. Raa1 Bd4
21. Ra3 b5 22. a5 Bc5 23. Raa1 b4 24. a6 b3 25. Be3 Bxe3 26. fxe3 Qb6 27. Rfb1
Rxa6 28. Rxa6 Qxa6 29. Qb4 Qxd3 30. Qb8+ Kf7 31. Qc7+ Kg6 32. Qc1 Qxe4 33. Qe1
Bf5 34. Qg3+ Kf7 35. Rxb3 Nd5 36. Rb7+ Ke6 37. Qxg7 Bg6 38. Qg8+ Kf6 39. Qd8+
Ke6 40. Qd7+ Kf6 41. Qxd6+ Kg5 42. Qd8+ Kh5 43. Rc7 Qxe3+ 44. Kf1 Qf4+ 45. Kg1
Ne3 46. Rc1 Ng4 47. Qd1 Qxh2+ 48. Kf1 Qh1+ 49. Ke2 Qxg2+ 50. Ke1 Qf2# 0-1

[Event "Junior Online 4NCL Division 3"]
[Site "online"]
[Date "2020.10.15"]
[Round "5.114"]
[White "Cheema, Dilsher"]
[Black "Eccleston, Rowan"]
[Result "1-0"]
[WhiteElo "970"]
[BlackElo "1285"]
[PlyCount "104"]
[EventDate "2020.10.15"]
[WhiteTeam "Brentwood School B"]
[BlackTeam "Manchester Juniors C"]

1. e4 e6 2. Nf3 d5 3. Nc3 c5 4. d3 Nc6 5. Be3 d4 6. Bxd4 cxd4 7. Nxd4 Nxd4 8.
Be2 Nf6 9. e5 Nd5 10. Nxd5 Qxd5 11. c3 Nf5 12. d4 b6 13. c4 Qc6 14. d5 Qd7 15.
c5 Bxc5 16. Bb5 Qxb5 17. dxe6 Bxe6 18. Qe2 Qxe2+ 19. Kxe2 Rd8 20. Rad1 Bc4+ 21.
Ke1 Rxd1+ 22. Kxd1 O-O 23. Kd2 Rd8+ 24. Kc2 Nd4+ 25. Kc3 Bxa2 26. Kd3 Nb5+ 27.
Kc2 Bxf2 28. Rd1 Rxd1 29. Kxd1 Kf8 30. Ke2 Bc5 31. Kd3 Bb1+ 32. Kd2 Ke7 33. Ke1
Ke6 34. Ke2 Kxe5 35. Kd1 Kd4 36. Kd2 Bb4+ 37. Ke2 Bd3+ 38. Kf3 Be4+ 39. Kg3
Bd6+ 40. Kh4 h6 41. Kh5 Be7 42. Kg4 Bxg2 43. Kf4 g5+ 44. Kg3 Bd5 45. Kf2 f5 46.
Ke1 f4 47. Kd2 f3 48. Kc2 f2 49. Kb1 f1=Q+ 50. Kc2 Qd3+ 51. Kc1 g4 52. h3 Bg5#
1-0

[Event "Junior Online 4NCL Division 3"]
[Site "online"]
[Date "2020.10.15"]
[Round "5.115"]
[White "Antonopoulos, Chris"]
[Black "Ye, Tim"]
[Result "1/2-1/2"]
[WhiteElo "1390"]
[BlackElo "1367"]
[PlyCount "143"]
[EventDate "2020.10.15"]
[WhiteTeam "Brentwood School B"]
[BlackTeam "Manchester Juniors C"]

1. e4 e5 2. Nf3 Nc6 3. Bc4 Nf6 4. d3 Bc5 5. O-O d6 6. h3 h6 7. Nc3 O-O 8. Be3
Bb6 9. Nd5 Bxe3 10. fxe3 Nxd5 11. Bxd5 Be6 12. Bb3 Re8 13. d4 a6 14. d5 Bd7 15.
dxc6 Bxc6 16. Bd5 Qe7 17. Bxc6 bxc6 18. a4 Red8 19. b3 d5 20. exd5 cxd5 21. Qe2
e4 22. Nd4 Qd6 23. Qf2 Rf8 24. Nf5 Qg6 25. Qg3 Qh7 26. Ne7+ Kh8 27. Nxd5 c6 28.
Nc7 Ra7 29. Ne6 Re8 30. Nf4 Rd7 31. Rad1 Red8 32. Rxd7 Rxd7 33. Qg4 Rd2 34.
Qc8+ Qg8 35. Qxc6 Qd8 36. Qxe4 Rd1 37. Qf3 Rxf1+ 38. Qxf1 Qd2 39. Qe2 Qc1+ 40.
Kh2 Kh7 41. e4 Qxf4+ 42. g3 Qc1 43. Qxa6 Qxc2+ 44. Kg1 Qxb3 45. Qb5 Qxg3+ 46.
Kf1 Qxh3+ 47. Ke1 Qh1+ 48. Kd2 Qxe4 49. Qd3 Qxd3+ 50. Kxd3 g5 51. a5 g4 52. a6
g3 53. a7 g2 54. a8=Q g1=Q 55. Qe4+ Qg6 56. Qxg6+ Kxg6 57. Ke3 Kg5 58. Kf3 f5
59. Kg3 Kh5 60. Kh3 Kg5 61. Kg3 h5 62. Kh3 f4 63. Kg2 Kg4 64. Kf2 h4 65. Kg2
f3+ 66. Kf2 Kh3 67. Kxf3 Kh2 68. Kf2 h3 69. Kf1 Kg3 70. Kg1 Kf3 71. Kh2 Kf2 72.
Kxh3 1/2-1/2

[Event "Junior Online 4NCL Division 3"]
[Site "online"]
[Date "2020.10.15"]
[Round "5.116"]
[White "Fairclough, William"]
[Black "Omoruyi, Jaden"]
[Result "0-1"]
[WhiteElo "1337"]
[BlackElo "1315"]
[PlyCount "44"]
[EventDate "2020.10.15"]
[WhiteTeam "Manchester Juniors C"]
[BlackTeam "Brentwood School B"]

1. d4 Nf6 2. c4 g6 3. Nf3 Bg7 4. e3 d6 5. b3 Nc6 6. Qd2 e5 7. d5 Ne7 8. Nc3 c6
9. Bb2 e4 10. Ng5 cxd5 11. cxd5 Qa5 12. Ngxe4 Nxe4 13. Bb5+ Bd7 14. Bxd7+ Kxd7
15. Rc1 Nxd2 16. Kxd2 Bxc3+ 17. Bxc3 Qxa2+ 18. Rc2 Qxb3 19. Bxh8 Rxh8 20. Rhc1
Qxd5+ 21. Ke2 Rc8 22. Rd2 Qh5+ 0-1

[Event "Junior Online 4NCL Division 3"]
[Site "online"]
[Date "2020.10.15"]
[Round "5.117"]
[White "Mouratidis, Markos"]
[Black "Burke, Alexander"]
[Result "0-1"]
[WhiteElo "985"]
[BlackElo "1292"]
[PlyCount "86"]
[EventDate "2020.10.15"]
[WhiteTeam "Brentwood School B"]
[BlackTeam "Manchester Juniors C"]

1. e4 e5 2. Nf3 Nc6 3. Bc4 Bc5 4. d3 h6 5. O-O Nf6 6. h3 d5 7. exd5 Nxd5 8. Nc3
Nxc3 9. bxc3 O-O 10. Re1 Be6 11. Bxe6 fxe6 12. Nxe5 Nxe5 13. Rxe5 Qf6 14. Rxc5
Qxf2+ 15. Kh1 Qxc5 16. d4 Qf5 17. Ba3 Rf7 18. Bc5 b6 19. Bb4 e5 20. dxe5 Qxe5
21. Qe1 Qxe1+ 22. Rxe1 c5 23. Ba3 Rd8 24. Bb2 Rfd7 25. Kh2 Rd1 26. Re7 Rb1 27.
Ba3 Ra1 28. Rxa7 Rxa2 29. c4 Kh7 30. c3 Rd3 31. Rb7 Rxa3 32. Rxb6 Rdxc3 33. Rb7
Rxc4 34. Rc7 Ra2 35. Kg3 Rcc2 36. Kh4 c4 37. g4 c3 38. Rc8 Ra4 39. Rc5 Ra3 40.
Rc7 Rg2 41. Rc4 c2 42. Rxc2 Rxc2 43. Kh5 Rxh3# 0-1

[Event "Junior Online 4NCL Division 3"]
[Site "online"]
[Date "2020.10.15"]
[Round "5.118"]
[White "Eccleston, Rowan"]
[Black "Cheema, Dilsher"]
[Result "0-1"]
[WhiteElo "1285"]
[BlackElo "970"]
[PlyCount "79"]
[EventDate "2020.10.15"]
[WhiteTeam "Manchester Juniors C"]
[BlackTeam "Brentwood School B"]

1. f4 c5 2. Nf3 Nc6 3. e3 d6 4. Bb5 Bg4 5. Bxc6+ Bd7 6. Bxd7+ Qxd7 7. O-O O-O-O
8. b3 Nf6 9. Bb2 g6 10. Ng5 e5 11. fxe5 dxe5 12. Bxe5 Bg7 13. Bxf6 Bxf6 14.
Rxf6 Qe7 15. Qf3 Rd6 16. Rxd6 Qxd6 17. Nxf7 Qf8 18. Nxh8 Qxh8 19. Nc3 b6 20.
Rf1 Kc7 21. Nd5+ Kd6 22. c4 Qe5 23. Qf6+ Qxf6 24. Rxf6+ Ke5 25. d3 a5 26. Rf4
Kd6 27. e4 Ke5 28. g3 g5 29. Rf5+ Kd4 30. e5 Kxd3 31. e6 Kc2 32. e7 Kb2 33.
e8=Q Kxa2 34. Qa4+ Kb2 35. Rf3 b5 36. cxb5 Kc2 37. Qe4+ Kd2 38. Qe3+ Kc2 39.
Qe2+ Kb1 40. Rf1# 0-1

[Event "Junior Online 4NCL Division 3"]
[Site "online"]
[Date "2020.10.15"]
[Round "5.121"]
[White "Dissanayake, Sathsara"]
[Black "Tang, Brian"]
[Result "0-1"]
[WhiteElo "850"]
[BlackElo "1577"]
[PlyCount "23"]
[EventDate "2020.10.15"]
[WhiteTeam "Leicestershire Juniors 6"]
[BlackTeam "Surrey Kings 1"]

1. e4 e5 2. Nf3 Nc6 3. Bb5 a6 4. Bxc6 dxc6 5. Nxe5 Qd4 6. Nf3 Qxe4+ 7. Qe2
Qxe2+ 8. Kxe2 Nf6 9. Re1 Be6 10. Kf1 O-O-O 11. Ne5 Bd6 12. Nf3 0-1

[Event "Junior Online 4NCL Division 3"]
[Site "online"]
[Date "2020.10.15"]
[Round "5.122"]
[White "Thompson, Alex"]
[Black "Syed, Adeeb"]
[Result "1-0"]
[WhiteElo "1472"]
[BlackElo "797"]
[PlyCount "73"]
[EventDate "2020.10.15"]
[WhiteTeam "Surrey Kings 1"]
[BlackTeam "Leicestershire Juniors 6"]

1. d4 e5 2. dxe5 Nc6 3. e4 Nxe5 4. f4 Nc6 5. Nf3 Nf6 6. Nc3 Bc5 7. Bd3 Ng4 8.
Rf1 Nxh2 9. Nxh2 Qh4+ 10. Ke2 Qxh2 11. Be3 Qxg2+ 12. Rf2 Qg4+ 13. Rf3 Bxe3 14.
Kxe3 O-O 15. Qh1 h6 16. Rg1 Qe6 17. Rfg3 g6 18. Qxh6 Ne7 19. Kd2 c6 20. f5 Qf6
21. fxg6 fxg6 22. Rxg6+ Nxg6 23. Rxg6+ Qxg6 24. Qxg6+ Kh8 25. e5 Rf2+ 26. Ne2
Rh2 27. Qf6+ Kg8 28. Bc4+ Kh7 29. Qf7+ Kh6 30. Qf4+ Kh7 31. Qxh2+ Kg7 32. Qf4
Kg6 33. Qf6+ Kh7 34. Bd3+ Kg8 35. Bg6 d6 36. Qf7+ Kh8 37. Qh7# 1-0

[Event "Junior Online 4NCL Division 3"]
[Site "online"]
[Date "2020.10.15"]
[Round "5.123"]
[White "Das, Aman"]
[Black "Lee, Damin"]
[Result "1/2-1/2"]
[WhiteElo "850"]
[BlackElo "1150"]
[PlyCount "146"]
[EventDate "2020.10.15"]
[WhiteTeam "Leicestershire Juniors 6"]
[BlackTeam "Surrey Kings 1"]

1. e4 e5 2. Nf3 Nc6 3. Bc4 Bc5 4. d3 d6 5. Nc3 Nf6 6. Bd2 O-O 7. O-O Bg4 8. Re1
Bh5 9. Bg5 h6 10. Bh4 Qe8 11. Na4 Bd4 12. c3 Bb6 13. Nxb6 axb6 14. d4 exd4 15.
cxd4 Nxd4 16. Qxd4 Bxf3 17. gxf3 Nh5 18. f4 Nxf4 19. e5 Ne6 20. Bxe6 Qxe6 21.
exd6 Qg6+ 22. Kh1 cxd6 23. Qxb6 Rfe8 24. Qxb7 Rxe1+ 25. Rxe1 Rxa2 26. Qb8+ Kh7
27. Re8 Qb1+ 28. Kg2 Kg6 29. Qxd6+ f6 30. Bxf6 Ra1 31. Be7+ Kh7 32. Bf8 Qg6+
33. Kf3 Qxd6 34. Bxd6 Rd1 35. Ke2 Rxd6 36. b4 Rb6 37. Re4 h5 38. Kf3 Rf6+ 39.
Kg2 Rg6+ 40. Kf1 Rb6 41. f4 g6 42. Ke2 Rb8 43. Kd3 Rd8+ 44. Kc3 Rc8+ 45. Kb3
Rd8 46. Re7+ Kh6 47. b5 Rd3+ 48. Kb4 Rd4+ 49. Kc5 Rxf4 50. b6 Rf8 51. Kc6 Rc8+
52. Kb7 Rd8 53. Kc7 Ra8 54. b7 Ra7 55. Re8 Rxb7+ 56. Kxb7 Kg5 57. Re5+ Kh6 58.
h4 Kh7 59. Re7+ Kh6 60. Re8 g5 61. hxg5+ Kxg5 62. Re5+ Kg4 63. Re4+ Kg5 64.
Re5+ Kg4 65. Re4+ Kg5 66. Kc6 h4 67. Re3 Kg4 68. Kd5 h3 69. Re1 h2 70. Ke4 Kg3
71. Ke3 Kg2 72. Ke2 h1=Q 73. Rxh1 Kxh1 1/2-1/2

[Event "Junior Online 4NCL Division 3"]
[Site "online"]
[Date "2020.10.15"]
[Round "5.124"]
[White "Flanders, William"]
[Black "Gadhia, Sathya"]
[Result "1-0"]
[WhiteElo "1111"]
[BlackElo "812"]
[PlyCount "69"]
[EventDate "2020.10.15"]
[WhiteTeam "Surrey Kings 1"]
[BlackTeam "Leicestershire Juniors 6"]

1. e4 Nc6 2. d4 Nf6 3. Nf3 Nxe4 4. Nc3 Nxc3 5. bxc3 d5 6. Bb5 Bg4 7. Bxc6+ bxc6
8. Bf4 Bxf3 9. Qxf3 e6 10. Qg3 f5 11. Bxc7 Qd7 12. Rb1 Qf7 13. O-O e5 14. Qxe5+
Qe7 15. Rb8+ Rxb8 16. Bxb8 Qxe5 17. Bxe5 Be7 18. Bxg7 Rg8 19. Be5 Bg5 20. Re1
Rg7 21. Bxg7+ Kf7 22. Be5 Bf6 23. Bxf6 Kxf6 24. Rb1 f4 25. Rb7 f3 26. gxf3 h5
27. Rxa7 c5 28. dxc5 Kf5 29. Rf7+ Ke5 30. c6 d4 31. cxd4+ Kxd4 32. c7 Kc5 33.
c8=Q+ Kb6 34. Rb7+ Ka5 35. Qa8# 1-0

[Event "Junior Online 4NCL Division 3"]
[Site "online"]
[Date "2020.10.15"]
[Round "5.125"]
[White "Tang, Brian"]
[Black "Dissanayake, Sathsara"]
[Result "1-0"]
[WhiteElo "1577"]
[BlackElo "850"]
[PlyCount "28"]
[EventDate "2020.10.15"]
[WhiteTeam "Surrey Kings 1"]
[BlackTeam "Leicestershire Juniors 6"]

1. e4 e5 2. Nf3 Nf6 3. Nxe5 Qe7 4. d4 d6 5. Nf3 Qxe4+ 6. Qe2 Qxe2+ 7. Bxe2 Nd5
8. c3 Bf5 9. O-O Bxb1 10. Rxb1 c5 11. dxc5 dxc5 12. Re1 Be7 13. Bc4 Nb6 14.
Bb5+ Nc6 1-0

[Event "Junior Online 4NCL Division 3"]
[Site "online"]
[Date "2020.10.15"]
[Round "5.126"]
[White "Syed, Adeeb"]
[Black "Thompson, Alex"]
[Result "0-1"]
[WhiteElo "797"]
[BlackElo "1472"]
[PlyCount "62"]
[EventDate "2020.10.15"]
[WhiteTeam "Leicestershire Juniors 6"]
[BlackTeam "Surrey Kings 1"]

1. e4 e6 2. Nc3 d5 3. e5 d4 4. Ne4 b6 5. Bc4 Bb7 6. d3 Bxe4 7. dxe4 a6 8. Nf3
Bb4+ 9. Bd2 Bxd2+ 10. Qxd2 c5 11. O-O-O b5 12. Be2 Ne7 13. c4 b4 14. b3 a5 15.
a4 bxa3 16. Qa2 Nbc6 17. Qxa3 Nb4 18. Qa4+ Nec6 19. Kb2 O-O 20. Qb5 a4 21. Ra1
axb3 22. Kxb3 Rb8 23. Qxc5 Nd3+ 24. Kc2 Nxc5 25. Rhb1 d3+ 26. Bxd3 Qxd3+ 27.
Kc1 Nb3+ 28. Rxb3 Rxb3 29. Ne1 Qc3+ 30. Kd1 Rb2 31. Rc1 Rd2# 0-1

[Event "Junior Online 4NCL Division 3"]
[Site "online"]
[Date "2020.10.15"]
[Round "5.127"]
[White "Lee, Damin"]
[Black "Das, Aman"]
[Result "1-0"]
[WhiteElo "1150"]
[BlackElo "850"]
[PlyCount "20"]
[EventDate "2020.10.15"]
[WhiteTeam "Surrey Kings 1"]
[BlackTeam "Leicestershire Juniors 6"]

1. e4 Nf6 2. Nc3 e5 3. Bc4 Bc5 4. Nf3 Nc6 5. d3 d6 6. Ng5 Bg4 7. f3 Bd7 8. Nxf7
O-O 9. Nxd8+ Rf7 10. Nxf7 Kf8 1-0

[Event "Junior Online 4NCL Division 3"]
[Site "online"]
[Date "2020.10.15"]
[Round "5.128"]
[White "Gadhia, Sathya"]
[Black "Flanders, William"]
[Result "0-1"]
[WhiteElo "812"]
[BlackElo "1111"]
[PlyCount "96"]
[EventDate "2020.10.15"]
[WhiteTeam "Leicestershire Juniors 6"]
[BlackTeam "Surrey Kings 1"]

1. Nf3 Nc6 2. Nc3 e5 3. e4 Nf6 4. Bb5 Bc5 5. Bxc6 dxc6 6. Nxe5 Bd6 7. Nxf7 Kxf7
8. d4 Bg4 9. f3 Bxf3 10. gxf3 Bb4 11. a3 Bxc3+ 12. bxc3 Re8 13. e5 Nd5 14. O-O
Nxc3 15. Qd2 Ne4 16. Qf4+ Kg8 17. Qxe4 Rf8 18. Ra2 Qd7 19. e6 Qd5 20. Qxd5 cxd5
21. Rb2 Rfe8 22. Rxb7 Rxe6 23. Rxc7 Rae8 24. Kf2 a6 25. Re1 Rxe1 26. Bg5 R1e2+
27. Kf1 Rxh2 28. Re7 Rxe7 29. Bxe7 Rxc2 30. f4 Rc1+ 31. Kf2 Rc4 32. Ke3 Rc8 33.
a4 Re8 34. f5 Rxe7+ 35. Kf4 Re4+ 36. Kg5 Rxd4 37. f6 gxf6+ 38. Kxf6 Rxa4 39.
Ke7 d4 40. Kd7 d3 41. Ke6 d2 42. Ke5 d1=Q 43. Kf5 Qf3+ 44. Ke5 Re4+ 45. Kd5
Qd3+ 46. Kc5 Rc4+ 47. Kb6 Qb3+ 48. Kxa6 Ra4# 0-1

[Event "Junior Online 4NCL Division 3"]
[Site "online"]
[Date "2020.10.15"]
[Round "5.131"]
[White "Jayawarna, Thisumi"]
[Black "Josse, Ben"]
[Result "0-1"]
[WhiteElo "1637"]
[BlackElo "1000"]
[PlyCount "114"]
[EventDate "2020.10.15"]
[WhiteTeam "Manchester Juniors B"]
[BlackTeam "Surrey Kings 2"]

1. e4 e6 2. d4 d5 3. e5 c5 4. c3 Nc6 5. Nf3 Bd7 6. a3 Qb6 7. b4 cxd4 8. cxd4
Nge7 9. Bb2 Nf5 10. Be2 Be7 11. O-O Rc8 12. Qd3 Na5 13. Nbd2 Nc4 14. Nxc4 dxc4
15. Qd2 Bc6 16. Rac1 Bd5 17. Rc3 h6 18. Rfc1 Qa6 19. Qc2 b5 20. Bd3 g6 21. Be4
Qc6 22. Bxd5 Qxd5 23. Rd1 g5 24. h3 O-O 25. Bc1 Rfd8 26. Be3 Rd7 27. Qd2 Qe4
28. Qe2 Rcd8 29. Nd2 Qc6 30. Nf3 Qe4 31. Kh2 Nxd4 32. Nxd4 Rxd4 33. Rxd4 Rxd4
34. f3 Qxe5+ 35. Kg1 Rd7 36. Qe1 Bf6 37. Rc1 Rd3 38. Kf2 Rxa3 39. Bd2 Qd4+ 40.
Kf1 Rd3 41. Bc3 Rxc3 42. Rxc3 Qxc3 43. Qxc3 Bxc3 44. Ke2 Bxb4 45. Kd1 Bc5 46.
Kc2 b4 47. g4 a5 48. Kb2 a4 49. Ka2 a3 50. Kb1 b3 51. Kc1 Bd4 52. Kb1 a2+ 53.
Kc1 a1=Q+ 54. Kd2 Qc3+ 55. Ke2 Qe3+ 56. Kd1 Bc3 57. f4 Qd2# 0-1

[Event "Junior Online 4NCL Division 3"]
[Site "online"]
[Date "2020.10.15"]
[Round "5.132"]
[White "Edwards, Zachary"]
[Black "Eccleston, Bryony"]
[Result "0-1"]
[WhiteElo "1075"]
[BlackElo "1397"]
[PlyCount "84"]
[EventDate "2020.10.15"]
[WhiteTeam "Surrey Kings 2"]
[BlackTeam "Manchester Juniors B"]

1. e4 e6 2. d4 d5 3. Be3 dxe4 4. Nc3 Nf6 5. Na4 Nc6 6. Qd2 Bd7 7. Nc5 Nd5 8.
O-O-O Nxe3 9. Qxe3 Bxc5 10. Qxe4 Qg5+ 11. Rd2 Bxd4 12. Bb5 Bxb2+ 13. Kxb2 Qxd2
14. f3 Qxg2 15. Nh3 Qxh1 16. Ng5 Qxh2 17. Bxc6 Bxc6 18. Qc4 Qe5+ 19. c3 Qxg5
20. a4 Qg2+ 21. Kb3 Qxf3 22. a5 Qd1+ 23. Kb4 Qb1+ 24. Kc5 Qb5+ 25. Kd4 Qxc4+
26. Kxc4 Rd8 27. Kb4 Rd5 28. c4 Rd4 29. Kc5 Rg4 30. Kb4 f5 31. Kc3 f4 32. Kd2
f3 33. Ke1 Rf4 34. Kf2 g5 35. Kg1 g4 36. Kf2 Rxc4 37. Kg3 Rf8 38. Kf2 Rc2+ 39.
Kg3 f2 40. Kxg4 f1=Q 41. Kg5 Qf4+ 42. Kh5 Rh2# 0-1

[Event "Junior Online 4NCL Division 3"]
[Site "online"]
[Date "2020.10.15"]
[Round "5.133"]
[White "Fung, Marcus"]
[Black "Salguero, Santiago"]
[Result "1-0"]
[WhiteElo "1382"]
[BlackElo "1000"]
[PlyCount "49"]
[EventDate "2020.10.15"]
[WhiteTeam "Manchester Juniors B"]
[BlackTeam "Surrey Kings 2"]

1. d4 d5 2. Bf4 Nc6 3. e3 Nf6 4. c3 Bf5 5. Nf3 e6 6. Nh4 Bd6 7. Bg3 g5 8. Nxf5
exf5 9. Bxd6 cxd6 10. Bd3 O-O 11. Bxf5 Ne7 12. Qc2 b5 13. h4 gxh4 14. Rxh4 Kh8
15. Bxh7 Kg7 16. Bf5 Rh8 17. Rh3 Rh5 18. Rg3+ Kf8 19. Bh3 Ne4 20. Rg4 Nf6 21.
Rf4 Ne4 22. Nd2 Nxd2 23. Kxd2 Ng6 24. Qxg6 Rh8 25. Qxf7# 1-0

[Event "Junior Online 4NCL Division 3"]
[Site "online"]
[Date "2020.10.15"]
[Round "5.134"]
[White "Arora, Bukkan"]
[Black "Correa, Rebecca"]
[Result "0-1"]
[WhiteElo "1000"]
[BlackElo "1390"]
[PlyCount "44"]
[EventDate "2020.10.15"]
[WhiteTeam "Surrey Kings 2"]
[BlackTeam "Manchester Juniors B"]

1. d4 Nf6 2. Nc3 g6 3. Bf4 Bg7 4. Nb5 d6 5. Nc3 O-O 6. Nf3 Re8 7. e4 Nbd7 8.
Bc4 e5 9. dxe5 Nxe5 10. Bxe5 dxe5 11. Qxd8 Rxd8 12. Nxe5 Re8 13. Nf3 Nxe4 14.
Nxe4 Rxe4+ 15. Be2 Bf5 16. Ng5 Re7 17. Nf3 Rae8 18. O-O-O Rxe2 19. Ng5 Bh6 20.
f4 f6 21. Nf3 Bxf4+ 22. Kb1 Bxc2+ 0-1

[Event "Junior Online 4NCL Division 3"]
[Site "online"]
[Date "2020.10.15"]
[Round "5.135"]
[White "Josse, Ben"]
[Black "Jayawarna, Thisumi"]
[Result "1/2-1/2"]
[WhiteElo "1000"]
[BlackElo "1637"]
[PlyCount "79"]
[EventDate "2020.10.15"]
[WhiteTeam "Surrey Kings 2"]
[BlackTeam "Manchester Juniors B"]

1. e4 d5 2. exd5 Qxd5 3. Nc3 Qa5 4. d4 Nf6 5. Bc4 c6 6. Nf3 Bg4 7. h3 Bh5 8.
O-O e6 9. Bf4 Nbd7 10. Re1 Qf5 11. Bg3 Bxf3 12. Qxf3 Qxf3 13. gxf3 O-O-O 14.
Rad1 Nb6 15. Bb3 h5 16. Bh4 Kb8 17. Ne4 Rg8 18. Nxf6 gxf6+ 19. Kh1 Be7 20. c3
Rg7 21. Rg1 Rdg8 22. Rxg7 Rxg7 23. Rg1 Rxg1+ 24. Kxg1 Nd5 25. Bxd5 cxd5 26. Kf1
Kc7 27. Ke2 Kd6 28. Kd3 e5 29. Bg3 Ke6 30. b3 Kf5 31. c4 dxc4+ 32. bxc4 exd4
33. Kxd4 Ke6 34. a4 Ba3 35. Bf4 b6 36. Ke4 Bc5 37. Bb8 a5 38. Bg3 Bb4 39. Bf4
Be1 40. Bg3 1/2-1/2

[Event "Junior Online 4NCL Division 3"]
[Site "online"]
[Date "2020.10.15"]
[Round "5.136"]
[White "Eccleston, Bryony"]
[Black "Edwards, Zachary"]
[Result "1-0"]
[WhiteElo "1397"]
[BlackElo "1075"]
[PlyCount "71"]
[EventDate "2020.10.15"]
[WhiteTeam "Manchester Juniors B"]
[BlackTeam "Surrey Kings 2"]

1. d4 Nc6 2. Bf4 Nxd4 3. Qxd4 f6 4. Nc3 e5 5. Qe4 Bd6 6. Nf3 Ne7 7. Bg3 O-O 8.
Nd5 c6 9. Nxe7+ Qxe7 10. e3 Bb4+ 11. c3 Bc5 12. Bc4+ d5 13. Bb3 Qe6 14. Qh4 Qf5
15. e4 Qxe4+ 16. Qxe4 g6 17. Bxd5+ Kg7 18. Bb3 Re8 19. Qc4 b6 20. Qf7+ Kh6 21.
Qxe8 Bb7 22. Qe6 Bc8 23. Qxc6 Bb7 24. Qxb7 Rd8 25. Qe7 Bxe7 26. Rd1 Rxd1+ 27.
Kxd1 Bc5 28. Ke2 b5 29. Kd3 b4 30. cxb4 Bxb4 31. Kc4 Bd6 32. Rd1 Be7 33. Rd7
Bf8 34. Kb5 f5 35. Bg8 e4 36. Rxh7# 1-0

[Event "Junior Online 4NCL Division 3"]
[Site "online"]
[Date "2020.10.15"]
[Round "5.137"]
[White "Salguero, Santiago"]
[Black "Fung, Marcus"]
[Result "0-1"]
[WhiteElo "1000"]
[BlackElo "1382"]
[PlyCount "104"]
[EventDate "2020.10.15"]
[WhiteTeam "Surrey Kings 2"]
[BlackTeam "Manchester Juniors B"]

1. e4 e5 2. Nf3 Nc6 3. Bc4 Bc5 4. Nc3 d6 5. d3 f5 6. exf5 Bxf5 7. Bg5 Nf6 8. h4
h6 9. Bxf6 Qxf6 10. d4 Bxd4 11. Nd5 Qd8 12. O-O Bg4 13. c3 Bb6 14. Nxb6 axb6
15. Qc2 Bxf3 16. gxf3 Qf6 17. Bb5 O-O-O 18. b4 Qxh4 19. Qf5+ Kb8 20. Bxc6 bxc6
21. b5 Qg5+ 22. Qg4 Qxg4+ 23. fxg4 cxb5 24. Rab1 c6 25. a4 bxa4 26. Rxb6+ Kc7
27. Ra6 Ra8 28. Rxa8 Rxa8 29. Ra1 a3 30. f3 d5 31. Ra2 Kd6 32. Ra1 Kc5 33. Kf2
Kc4 34. Ke2 Kxc3 35. Kd1 Kb2 36. Rc1 a2 37. Rc2+ Kb3 38. Rc1 a1=Q 39. Rxa1
Rxa1+ 40. Kd2 Kc4 41. Ke3 Ra3+ 42. Kd2 Rxf3 43. Ke2 Ra3 44. g5 hxg5 45. Kd2 Kd4
46. Kc2 Rh3 47. Kd2 Rh2+ 48. Kd1 Ke3 49. Kc1 Kd3 50. Kb1 Kc3 51. Ka1 Kb3 52.
Kb1 Rh1# 0-1

[Event "Junior Online 4NCL Division 3"]
[Site "online"]
[Date "2020.10.15"]
[Round "5.138"]
[White "Correa, Rebecca"]
[Black "Arora, Bukkan"]
[Result "1-0"]
[WhiteElo "1390"]
[BlackElo "1000"]
[PlyCount "47"]
[EventDate "2020.10.15"]
[WhiteTeam "Manchester Juniors B"]
[BlackTeam "Surrey Kings 2"]

1. d4 d5 2. Nf3 Nc6 3. Bf4 Nf6 4. c3 Bf5 5. h3 e6 6. e3 Bd6 7. Bxd6 cxd6 8. Be2
Be4 9. Nbd2 Bxf3 10. Nxf3 O-O 11. O-O Ne4 12. Nd2 Nxd2 13. Qxd2 Qf6 14. Bd3 e5
15. dxe5 Qxe5 16. Rfe1 Rfe8 17. Qc2 Rad8 18. Bxh7+ Kf8 19. Bd3 Qf6 20. Qe2 b6
21. Qh5 Qh6 22. Qxh6 gxh6 23. Bb5 a5 24. Bxc6 1-0